Visualizzazione normale
Vista MARC
- Cappellini Vergara Fiorella (a cura di)
di Personal Name
Records bibliografici associati: 1
001 - CONTROL NUMBER
- control field: 63048
003 - CONTROL NUMBER IDENTIFIER
- control field:
005 - DATE AND TIME OF LATEST TRANSACTION
- control field: 20251224191907.0
008 - FIXED-LENGTH DATA ELEMENTS
- fixed length control field: 251224|| aca||aabn | a|a d
040 ## - CATALOGING SOURCE
- Original cataloging agency:
- Transcribing agency:
100 ## - HEADING--PERSONAL NAME
- Personal name: Cappellini Vergara Fiorella (a cura di)
670 ## - SOURCE DATA FOUND
- Source citation: Work cat.: ()212200: Cappellini Vergara Fiorella (a cura di), La promozione del benessere nella famiglia, nella scuola e nei servizi., 2001